Conversational Wisdom : Strengthening Human Connection Through The Power Of Conversation (Record no. 43520)

MARC details
000 -LEADER
fixed length control field 02416cam a2200361 i 4500
001 - CONTROL NUMBER
control field 22903997
005 - DATE AND TIME OF LATEST TRANSACTION
control field 20250402150239.0
008 - FIXED-LENGTH DATA ELEMENTS--GENERAL INFORMATION
fixed length control field 221216s2023 enk b 001 0 eng
010 ## - LIBRARY OF CONGRESS CONTROL NUMBER
LC control number 2022056197
020 ## - INTERNATIONAL STANDARD BOOK NUMBER
International Standard Book Number 9781032287638
020 ## - INTERNATIONAL STANDARD BOOK NUMBER
International Standard Book Number 9781032287614
020 ## - INTERNATIONAL STANDARD BOOK NUMBER
Canceled/invalid ISBN 9781003298427
041 ## - LANGUAGE CODE
Language code of text/sound track or separate title eng
042 ## - AUTHENTICATION CODE
Authentication code pcc
082 00 - DEWEY DECIMAL CLASSIFICATION NUMBER
Classification number 302.346 COS
100 1# - MAIN ENTRY--PERSONAL NAME
Author Cosgrove, Emily,
245 10 - TITLE STATEMENT
Title Conversational Wisdom : Strengthening Human Connection Through The Power Of Conversation
260 ## - PUBLICATION, DISTRIBUTION, ETC.
Place London
Publisher Routledge
Publication Year 2023
300 ## - PHYSICAL DESCRIPTION
Extent 187 pages ;
Dimensions 20 cm
504 ## - BIBLIOGRAPHY, ETC. NOTE
Bibliography, etc. note Includes bibliographical references and index.
520 ## - SUMMARY, ETC.
Summary, etc. "Conversation: the heartbeat of our organisations. Right now, we're at risk of losing the art of doing it well. We need to radically change how we talk to each other, to create workplaces where people feel they belong and can thrive. This book will help you understand how to grow your conversational wisdom to create more inclusive and collaborative environments and to make work more meaningful. Conversations carry the greatest potential to impact culture, performance, brand, and engagement. Yet conversation is an under-rated and under-developed skill. Emily Cosgrove and Sara Hope have spent the last 25 years helping people and organisations strengthen human connection through the power of conversation. Drawing from their experience of working with global jewellers to charities, professional services to B-Corporations, they share a wealth of tips, tools, stories, and case studies. Written in a style that is easy to understand, they offer advice on how to get the best out of conversations and get underneath some of the challenges we all face. This is essential reading for learning and development experts, people leaders, coaches and mentors, and HR managers"--
650 #0 - SUBJECT ADDED ENTRY--TOPICAL TERM
Subject Conversation.
650 #0 - SUBJECT ADDED ENTRY--TOPICAL TERM
Subject Organization.
700 1# - ADDED ENTRY--PERSONAL NAME
Co-Author Hope, Sara,
942 ## - ADDED ENTRY ELEMENTS (KOHA)
Koha item type Books
264 #1 - PRODUCTION, PUBLICATION, DISTRIBUTION, MANUFACTURE, AND COPYRIGHT NOTICE
Place of production, publication, distribution, manufacture London :
Name of producer, publisher, distributor, manufacturer Routledge/Taylor & Francis Group,
Date of production, publication, distribution, manufacture, or copyright notice 2023.
336 ## - CONTENT TYPE
Content type term text
Content type code txt
Source rdacontent
337 ## - MEDIA TYPE
Media type term unmediated
Media type code n
Source rdamedia
338 ## - CARRIER TYPE
Carrier type term volume
Carrier type code nc
Source rdacarrier
776 08 - ADDITIONAL PHYSICAL FORM ENTRY
Relationship information Online version:
Main entry heading Cosgrove, Emily.
Title Conversational wisdom
Place, publisher, and date of publication Abingdon, Oxon ; New York, NY : Routledge, 2023
International Standard Book Number 9781003298427
Record control number (DLC) 2022056198
906 ## - LOCAL DATA ELEMENT F, LDF (RLIN)
a 7
b cbc
c orignew
d 1
e ecip
f 20
g y-gencatlg
Holdings
Withdrawn status Lost status Source of classification or shelving scheme Damaged status Not for loan Home library Current library Shelving location Accession Date Vendor Price Bill number Total Checkouts Full call number Barcode No Date last seen Discount Bill Date Koha item type Suggested By
    Dewey Decimal Classification     IMTN IMTN Rack 6-B 03/26/2025 Raghav Books Private Limited 3337.89 2374   302.346 COS 33800 04/02/2025 33 02/14/2025 Books Dr. Mantha Raghu (Head Librarian)
Designed & Maintained by: LRC IMT Nagpur Contact: lrc@imtnag.ac.in© 2024. All Rights Reserved.